00675nam a22002057a 450000500170000001000150001702000270003202000240005903500130008303700130009608200110010924500870012026000450020727000640025230000230031649000390033950000490037870000220042770000200044920130912113914.0 aENG-108216 c1095.00a9780198081746 c1095.00a019808174x aEN-91749 bDBAD/PUB a327.54 aIndia's foreign policy :cedited by Kanti P. Bajpai [and] Harsh V.Pantba reader / aNew DelhibOxford University Pressc2013 aYMCA Library Building, 1 Jai Singh Road,bNew Delhie110001 ax,452p. c22cm(Hb) aCritical issues in Indian politics aIncludes bibliographical reference and index aBajpai, Kanti P.  aPant, Harsh V.